Statistics for 新泻站出发的电车目的地

Click here to take the quiz!

General Stats

  • This quiz has been taken 17 times
  • The average score is 12 of 23

Answer Stats

Answer% Correct
東京
100%
秋田
81%
越後湯沢
81%
長岡
81%
村上
75%
新発田
75%
酒田
75%
豊栄
69%
新津
69%
吉田
63%
柏崎
63%
直江津
63%
内野
44%
上越妙高
44%
31%
新井
25%
越後曽根
25%
会津若松
19%
羽生田
19%
津川
19%
関屋
19%
五泉
13%
馬下
13%

Score Distribution

Percentile by Number Answered

Percent of People with Each Score

Your Score History

You have not taken this quiz